Análisis integral de COFERSA que permita identificar las mejoras necesarias para fortalecer su competitividad

Guardado en:
Bibliografiske detaljer
Hovedforfatter: Gaggion Azuola, Amedeo
Format: Bog
Udgivet: San José, C.R. 2000
Fag:
Tags: Tilføj Tag
Ingen Tags, Vær først til at tagge denne postø!

MARC

LEADER 00000nam a2200000Ia 4500
003 010106
005 20221231144210.0
008 140114s2000 cr a m 000 ||s d
040 |c cru CEDI 
090 |a TFG 4120 
100 |a Gaggion Azuola, Amedeo  |9 8265 
245 |a Análisis integral de COFERSA que permita identificar las mejoras necesarias para fortalecer su competitividad 
260 |c 2000  |a  San José, C.R. 
300 |a  xiv, 192 hojas : ilustraciones a color  
500 |a  Proyecto de graduación (licenciatura en ingeniería industrial)--Universidad de Costa Rica. Facultad de Ingeniería. Escuela de Ingeniería Industrial 
650 |x CONSORCIO FERRETERO DE SAN JOSE (COSTA RICA)  |x COMPETITIVIDAD   |x CAMBIO ORGANIZACIONAL   |x PLANIFICACION ESTRATEGICA  |9 8266 
942 |c TFG 
999 |c 18323  |d 18323